000 00503nam a22001817a 4500
005 20251108172645.0
008 250721s1999 xx 000 0 ara d
082 1 4 _a343.093/حسن
100 1 _aحسني، أحمد
245 1 0 _aنصوص إتفاقية هامبورج /
264 1 _aالإسكندرية :
_bمنشأة المعارف،
_c1999.
300 _a420 ص
650 1 7 _aالنقل
650 1 7 _aالقانون
650 1 7 _aأنظمة النقل
942 _2ddc
_cBK
999 _c85136
_d85136